Sơ thảo đặc điểm khí hậu tỉnh Hậu giang
Uloženo v:
| Korporativní autor: | |
|---|---|
| Médium: | Kniha |
| Jazyk: | Undetermined |
| Vydáno: |
Hậu Giang
KHKT
1980
|
| Témata: | |
| Tagy: |
Přidat tag
Žádné tagy, Buďte první, kdo otaguje tento záznam!
|
| Thư viện lưu trữ: | Trung tâm Học liệu Trường Đại học Cần Thơ |
|---|
| LEADER | 00575nam a2200181Ia 4500 | ||
|---|---|---|---|
| 001 | CTU_3289 | ||
| 008 | 210402s9999 xx 000 0 und d | ||
| 082 | |a 551.62 | ||
| 082 | |b Đ103 | ||
| 110 | |a Đài Khí tượng thủy văn Hậu giang | ||
| 245 | 0 | |a Sơ thảo đặc điểm khí hậu tỉnh Hậu giang | |
| 245 | 0 | |c Đài Khí tượng thủy văn Hậu giang | |
| 260 | |a Hậu Giang | ||
| 260 | |b KHKT | ||
| 260 | |c 1980 | ||
| 650 | |a Meteorology | ||
| 904 | |i Minh, 960904 | ||
| 980 | |a Trung tâm Học liệu Trường Đại học Cần Thơ | ||